The changing geography of Asia

Αποθηκεύτηκε σε:
Λεπτομέρειες βιβλιογραφικής εγγραφής
Άλλοι συγγραφείς: Chapman, Graham (Επιμελητής έκδοσης), Baker, Kathleen M. 1950- (Επιμελητής έκδοσης)
Μορφή: Βιβλίο
Γλώσσα:English
Δημοσίευση: London : Routledge, c1992
Θέματα:
Ετικέτες: Προσθήκη ετικέτας
Δεν υπάρχουν, Καταχωρήστε ετικέτα πρώτοι!

MARC

LEADER 00000nam a2200000 i 4500
001 1/64951
008 990107s1992 eng d
020 |a 0-415-05708-6 
035 |l 10047052 
040 |a GR-MY-UA  |b gre  |e aacr 
041 0 |a eng 
082 0 |a 915 
245 1 4 |a The changing geography of Asia /  |c Edited by Graham P. Chapman and Kathleen M. Baker 
260 |a London :   |b Routledge,   |c c1992 
300 |a 265 p.  |b fig.; tables 
504 |a Includes bibliographical references and index 
651 0 |a Asia  |x Geography. 
700 1 |a Chapman, Graham.  |4 edt 
700 1 |a Baker, Kathleen M.  |d 1950-  |4 edt 
852 |a INST  |b LESVOS  |e 19990107  |h 915 CHA  |p 005100017175  |q 005100017175  |t BK  |y 0 
901 |a BIBL-1999-1 
909 |a Λ  |b 061462 
922 |a 1ΕΛΗ  |b 199811  |c ΚΠΣ/ΤΚ  |d ΠΑΠΑΣΩΤΗΡΙΟΥ 
950 |a 103-1998-07-27